000 00566nam a2200193 a 4500
003 DO-SdBNP
005 20221207132550.0
007 ta
008 221207e2006 dr |||gr|||| 001 0 spa d
040 _aDO-SdBNP
_bspa
_cBNPHU
082 4 _222
_bH811s
245 0 0 _aHora Santa con oraciones en común rosario, diálogos y cánticos. /
264 _aSanto Domingo :
_bMisoneros del Sagrado Corazón,
_c2006
300 _a64 p. :
_c21 cm.
590 _aInventariado 2022 / MF
650 4 _9573
_aLiteratura Religiosa
_xOraciones
910 _aMFeliz
942 _2ddc
_cLBS1
999 _c53083
_d53083